|
|
แสดงรายละเอียดบรรณานุกรม |
|
|
Brief Record
: Get Marc (ISO 2709)
: E-mail record
: |
| LEADER 00000nama 2200000uu 4500 | |||
| 008 040531s2540 th m m a000 0 tha d | |||
| 041 tha | |||
| 050 DS555.382 ท622ว | |||
| 100 เทพรัตนราชสุดา สยามบรมราชกุมารี,สมเด็จพระ | |||
| 245 ลาวเหนือเมื่อปลายหนาว / พระราชนิพนธ์ในสมเด็จพระเทพรัตนราชสุดา สยามบรมราชกุมารี 001 | |||
| 250 2 | |||
| 260 กรุงเทพฯ มูลนิธิสมเด็จพระเทพรัตนราชสุดา 2540 | |||
| 300 125 หน้า | |||
| 650 ลาว(ภาคเหนือ) - ภูมิประเทศและการท่องเที่ยว | |||
| 998 1999-10-20 | |||
| คุณยังไม่ได้ล็อกอิน คุณสามารถมีกิจกรรมร่วมกับเว็บไซต์ได้ แต่ต้องล็อกอินก่อน :: |
|
| สถานะ | |||||||||
| 1. | หนังสือทั่วไป | DS555.382 ท622ว 2540 | On Shelf ขอยืม | ||||||
| 2. | หนังสือทั่วไป | DS555.382 ท622ว 2540 | On Shelf ขอยืม | ||||||
| [แสดง 2/2 รายการ] | |||||||||
| รายการใกล้เคียง ผู้แต่ง [เทพรัตนราชสุดา สยามบรมราชกุมารี,สมเด็จพระ]
|
BibComment |
| คอมเมนท์ทรัพยากรรายการนี้ |
|
|